To the tradesmen, mechanics, &c. of the province of Pennsylvania : My dear and much respected brethren, At a time when a corrupt and prostituted ministry are pointing their destructive machines against the sacred liberties of the Americans, the eyes of all Europe are upon us ...

Bibliographic Details
Main Author: Mechanic
Format: eBook
Language:English
Published: [Philadelphia] : [publisher not identified], [1773]
Series:Early American imprints. Evans (1639-1800) ; no. 13041.
Subjects:
Online Access:Evans Digital Edition

MARC

Tag First Indicator Second Indicator Subfields
LEADER 00000cam a22000001a 4500
001 in00002139808
006 m e d #
007 cr mn mmmmabba
008 861202s1773 pau s 000 0 eng d
005 20260331143627.6
035 |z w020013 
035 |a MAAR8612023709B 
035 |9 mwa91-40464 
035 |a 323702 
035 |a aas03020013 
040 |a MWA  |c MWA  |e bdrb  |d UtOrBLW 
100 0 |a Mechanic. 
245 1 0 |a To the tradesmen, mechanics, &c. of the province of Pennsylvania :  |b My dear and much respected brethren, At a time when a corrupt and prostituted ministry are pointing their destructive machines against the sacred liberties of the Americans, the eyes of all Europe are upon us ... 
264 1 |a [Philadelphia] :  |b [publisher not identified],  |c [1773] 
300 |a 1 sheet (1 unnumbered page) 
336 |a text  |b txt  |2 rdacontent 
337 |a computer  |b c  |2 rdamedia 
338 |a online resource  |b cr  |2 rdacarrier 
500 |a In favor of the non-importation of tea. 
500 |a Signed: A mechanic. Philadelphia, December 4, 1773. 
500 |a Text in two columns. 
510 4 |a Evans  |c 13041 
510 4 |a Hildeburn, C.R. Pennsylvania,  |c 2949 
530 |a Microform version available in the Readex Early American Imprints series. 
533 |a Electronic text and image data.  |b [Chester, Vt. :  |c Readex, a division of Newsbank, Inc.,  |d 2002-2004.  |e Includes files in TIFF, GIF and PDF formats with inclusion of keyword searchable text.  |f (Early American imprints. First series ; no. 13041). 
500 |a Electronic resource. 
650 0 |a Tea tax (American colonies) 
651 0 |a United States  |x History  |y Revolution, 1775-1783  |x Causes. 
655 7 |a Broadsides.  |2 rbgenr 
752 |a United States  |b Pennsylvania  |d Philadelphia. 
830 0 |a Early American imprints.  |n Series I,  |p Evans (1639-1800) ;  |v no. 13041. 
856 4 1 |u http://proxy.library.tamu.edu/login?url=https://opac.newsbank.com/select/evans/13041  |y Evans Digital Edition  |t 0 
999 |a MARS 
999 f f |s cb0fe06e-7586-3048-9828-be34090fae4d  |i 66e2254f-ecda-3bf3-af19-43bd15aa4f99  |t 0 
952 f f |a Texas A&M University  |b College Station  |c Electronic Resources  |s www_evans  |d Available Online  |t 0  |h No information provided 
998 f f |t 0  |l Available Online